Top 100 Länder nach Einwohner - Statistiken

Allgemein
  • Dieses Quiz wurde 42 mal gespielt
  • Das Durchschnittsergebnis liegt bei 68 aus 100
Antwortstatistiken
Anzahl Einwohner (2022) Länder % Korrekt
83'300'000 Deutschland
97%
65'800'000 Frankreich
97%
1'436'600'000 China
94%
1'417'200'000 Indien
94%
38'800'000 Kanada
94%
47'400'000 Spanien
94%
332'800'000 Vereinigte Staaten
94%
103'500'000 Ägypten
91%
46'200'000 Argentinien
91%
214'800'000 Brasilien
91%
144'300'000 Russland
91%
41'000'000 Ukraine
91%
25'800'000 Australien
88%
99'000'000 Demokratische Republik Kongo
88%
58'900'000 Italien
88%
124'900'000 Japan
88%
127'500'000 Mexiko
88%
235'800'000 Pakistan
88%
38'000'000 Polen
88%
36'700'000 Saudi-Arabien
88%
10'500'000 Schweden
88%
44'900'000 Algerien
85%
85'200'000 Türkei
85%
275'500'000 Indonesien
82%
36'700'000 Marokko
82%
26'200'000 Niger
82%
218'500'000 Nigeria
82%
10'300'000 Portugal
82%
67'600'000 Grossbritannien
79%
49'100'000 Kolumbien
79%
17'700'000 Niederlande
79%
60'600'000 Südafrika
79%
51'600'000 Südkorea
79%
66'800'000 Thailand
79%
11'600'000 Belgien
76%
10'500'000 Tschechien
76%
41'100'000 Afghanistan
73%
171'200'000 Bangladesch
73%
1'980'000 Chile
73%
33'500'000 Ghana
73%
10'600'000 Griechenland
73%
44'500'000 Irak
73%
88'600'000 Iran
73%
19'200'000 Kasachstan
73%
54'000'000 Kenia
73%
9'000'000 Österreich
73%
19'000'000 Rumänien
73%
27'900'000 Kamerun
70%
33'400'000 Peru
70%
8'800'000 Schweiz
70%
22'100'000 Syrien
70%
47'200'000 Uganda
70%
9'700'000 Ungarn
70%
28'200'000 Elfenbeinküste
67%
26'100'000 Nordkorea
67%
65'500'000 Tansania
67%
11'800'000 Tunesien
67%
28'300'000 Venezuela
67%
99'400'000 Vietnam
67%
123'400'000 Äthiopien
64%
115'600'000 Philippinen
64%
17'600'000 Somalia
64%
35'600'000 Angola
61%
9'200'000 Belarus
61%
18'000'000 Ecuador
61%
17'900'000 Senegal
61%
12'200'000 Bolivien
58%
33'000'000 Mosambik
58%
54'200'000 Myanmar
58%
30'900'000 Nepal
58%
16'300'000 Simbabwe
58%
46'900'000 Sudan
58%
13'900'000 Guinea
55%
33'700'000 Jemen
55%
22'600'000 Mali
55%
13'800'000 Ruanda
55%
20'000'000 Sambia
55%
17'700'000 Tschad
55%
32'700'000 Malaysia
52%
10'900'000 Südsudan
52%
35'600'000 Usbekistan
52%
9'400'000 Vereinigte Arabische Emirate
52%
9'500'000 Israel
48%
16'800'000 Kambodscha
48%
22'400'000 Sri Lanka
48%
22'700'000 Burkina Faso
45%
29'600'000 Madagaskar
45%
23'200'000 Taiwan
45%
12'900'000 Burundi
42%
17'800'000 Guatemala
42%
9'300'000 Papua-Neuguinea
42%
9'600'000 Honduras
39%
11'200'000 Dominikanische Republik
36%
11'200'000 Jordanien
36%
11'100'000 Kuba
36%
20'400000 Malawi
36%
13'400'000 Benin
33%
10'000'000 Tadschikistan
33%
11'600'000 Haiti
27%
10'200'000 Aserbaidschan
24%
Keine übereinstimmenden Quizze gefunden
Verteilung der Resultate
Anzahl Personen mit jedem Resultat
Perzentil nach korrekt beantworteten Fragen
Ihre Resultats-Entwicklung
Sie haben dieses Quiz noch nicht gespielt